|
|
|
|
| LEADER |
02538nam a22005535i 4500 |
| 001 |
978-3-319-40335-9 |
| 003 |
DE-He213 |
| 005 |
20160919142131.0 |
| 007 |
cr nn 008mamaa |
| 008 |
160919s2016 gw | s |||| 0|eng d |
| 020 |
|
|
|a 9783319403359
|9 978-3-319-40335-9
|
| 024 |
7 |
|
|a 10.1007/978-3-319-40335-9
|2 doi
|
| 040 |
|
|
|d GrThAP
|
| 050 |
|
4 |
|a TA459-492
|
| 072 |
|
7 |
|a TDM
|2 bicssc
|
| 072 |
|
7 |
|a TEC021000
|2 bisacsh
|
| 072 |
|
7 |
|a TEC023000
|2 bisacsh
|
| 082 |
0 |
4 |
|a 620.16
|2 23
|
| 100 |
1 |
|
|a Nafisi, Shahrooz.
|e author.
|
| 245 |
1 |
0 |
|a Semi-Solid Processing of Aluminum Alloys
|h [electronic resource] /
|c by Shahrooz Nafisi, Reza Ghomashchi.
|
| 264 |
|
1 |
|a Cham :
|b Springer International Publishing :
|b Imprint: Springer,
|c 2016.
|
| 300 |
|
|
|a XIII, 363 p. 324 illus., 143 illus. in color.
|b online resource.
|
| 336 |
|
|
|a text
|b txt
|2 rdacontent
|
| 337 |
|
|
|a computer
|b c
|2 rdamedia
|
| 338 |
|
|
|a online resource
|b cr
|2 rdacarrier
|
| 347 |
|
|
|a text file
|b PDF
|2 rda
|
| 505 |
0 |
|
|a Introduction -- Semi Solid Metal (SSM) Technologies -- Solidification and alloy Distribution During SSM Processing -- Methodolgy of SSM Characterization -- Rheocasting: Low Pouring, Seed, and EMS Techniques -- Rheocasting-Melt Treatment -- Thixocasting -- Commercial Applications of Semi Solid Metal Processing -- Appendix A -- Appendix B.
|
| 520 |
|
|
|a This book describes in great detail the semi-solid processing of aluminum alloys. The authors examine the fundamentals of semi-solid metal processing, provide guidelines for research, illustrate the tools that are employed, and explain the measured parameters for semi-solid processing characterization.
|
| 650 |
|
0 |
|a Materials science.
|
| 650 |
|
0 |
|a Amorphous substances.
|
| 650 |
|
0 |
|a Complex fluids.
|
| 650 |
|
0 |
|a Thermodynamics.
|
| 650 |
|
0 |
|a Heat engineering.
|
| 650 |
|
0 |
|a Heat transfer.
|
| 650 |
|
0 |
|a Mass transfer.
|
| 650 |
|
0 |
|a Industrial engineering.
|
| 650 |
|
0 |
|a Metals.
|
| 650 |
1 |
4 |
|a Materials Science.
|
| 650 |
2 |
4 |
|a Metallic Materials.
|
| 650 |
2 |
4 |
|a Engineering Thermodynamics, Heat and Mass Transfer.
|
| 650 |
2 |
4 |
|a Soft and Granular Matter, Complex Fluids and Microfluidics.
|
| 650 |
2 |
4 |
|a Operating Procedures, Materials Treatment.
|
| 700 |
1 |
|
|a Ghomashchi, Reza.
|e author.
|
| 710 |
2 |
|
|a SpringerLink (Online service)
|
| 773 |
0 |
|
|t Springer eBooks
|
| 776 |
0 |
8 |
|i Printed edition:
|z 9783319403335
|
| 856 |
4 |
0 |
|u http://dx.doi.org/10.1007/978-3-319-40335-9
|z Full Text via HEAL-Link
|
| 912 |
|
|
|a ZDB-2-CMS
|
| 950 |
|
|
|a Chemistry and Materials Science (Springer-11644)
|